| 000 | 01044cam a22002175a 4500 | ||
|---|---|---|---|
| 001 | L139921 | ||
| 008 | 070820s1999 xxk f 000 0 eng d | ||
| 020 | _a1902790022 | ||
| 035 | _a(Sirsi) u139921 | ||
| 041 | 0 | _aeng | |
| 050 | 0 | 4 | _a693.82 $2 18 |
| 110 | 2 |
_aLoss Prevention Council _91863 |
|
| 245 | 0 | 4 |
_aThe LPC design guide for the fire protection of buildings _h[electronic resource] |
| 260 |
_aLondon _bFire Protection Assoication _c1999 |
||
| 300 |
_a1 _fCD-ROM |
||
| 505 | 2 | _aIntroduction -- General principles -- Compartmentation -- Protection of openings and services -- External fire exposure -- Construction design and data standards -- Special risks -- Case studies | |
| 520 | _aProvides guidance on the principles of passive fire protection in connection with risk management. Extends beyond innsurance considerations and presents wide-ranging recommendations for the fire protection of industrial and commercial buildings. | ||
| 651 | 4 |
_aUnited Kingdom _y |
|
| 690 | _aMANAGEMENT-HEALTH AND SAFETY-FIRE SAFETY | ||
| 942 | _n0 | ||
| 999 |
_c85448 _d85448 |
||